| 000 | 00813nam a2200241 i 4500 | ||
|---|---|---|---|
| 001 | 13407 | ||
| 003 | ES-MaACL | ||
| 005 | 20230921104007.0 | ||
| 007 | t| | ||
| 008 | 980302s1996 sp ||||1| spa d | ||
| 020 | _a84-7030-400-3 | ||
| 080 | _a355.25(460)(091) | ||
| 100 | 1 |
_aPuell de la Villa, Fernando. _994130 |
|
| 245 | 1 | 3 |
_aEl soldado desconocido _b: de la leva a la "mili" : (1700-1912) / _cFernando Puell de la Villa. |
| 260 |
_aMadrid : _bBiblioteca Nueva, _c[1996] |
||
| 300 |
_a326 p. ; _c24 cm. |
||
| 504 | _aBibliografía : p. 305-326. | ||
| 650 |
_aServicio militar- _zEspaña- _vHistoria. _917061 |
||
| 852 |
_aES-MaACL _jL-20676/Ej.1 _bR.126367 _913739 |
||
| 852 |
_aES-MaACL _jL-27442 _bR.133168 _913739 _zDedicatoria autógrafa del autor |
||
| 942 | _2udc | ||
| 999 |
_c13407 _d13407 |
||